Top 50 Clubs With Most Points in the 5 Latest Seasons (18) - Statistics

General Stats
  • This quiz has been taken 111 times
    84 since last reset
  • The average score is 33 of 50
Answer Stats
# 13/14 14/15 15/16 16/17 17/18 P Club % Correct
1 90 79 88 82 84 473 Bayern Munich
96%
3 87 94 91 90 93 455 FC Barcelona
96%
5 87 92 90 93 76 438 Real Madrid
96%
7 86 79 66 78 100 409 Manchester City
95%
15 71 46 78 64 55 351 Borussia Dortmund
94%
16 64 70 66 69 81 350 Manchester United
94%
12 69 64 70 86 77 366 Tottenham Hotspur
91%
28 57 52 57 63 64 293 AC Milan
90%
20 60 55 67 62 72 316 Inter Milan
90%
2 102 87 91 91 95 466 Juventus
90%
14 84 62 60 76 75 357 Liverpool
90%
4 89 83 96 87 93 448 Paris Saint-Germain
90%
13 79 75 71 75 63 363 Arsenal
88%
6 90 78 88 78 79 413 Atlético Madrid
88%
11 82 87 50 93 70 382 Chelsea
88%
17 61 75 65 67 78 346 Olympique Lyonnais
87%
9 85 70 80 87 77 399 AS Roma
86%
20 60 69 48 62 77 316 Olympique Marseille
84%
18 63 76 52 72 58 321 Sevilla
83%
8 78 63 82 86 91 400 SSC Napoli
81%
10 80 71 65 95 80 391 AS Monaco
79%
18 56 69 54 70 72 321 SS Lazio
75%
30 49 77 44 46 73 289 Valencia
75%
22 61 61 60 41 55 311 Bayer Leverkusen
73%
33 72 47 47 61 49 276 Everton
73%
35 71 56 60 46 38 271 Lille OSC
70%
25 64 48 52 43 63 302 Schalke 04
70%
50 40 47 62 45 42 236 West Ham United
65%
37 59 46 48 64 49 266 Real Sociedad
64%
22 59 60 64 67 61 311 Villarreal
64%
28 70 55 62 63 43 293 Athletic Bilbao
62%
24 65 64 64 60 57 310 ACF Fiorentina
56%
38 50 37 45 72 60 264 Atalanta
53%
34 60 69 45 37 33 273 WfL Wolfsburg
53%
27 55 66 55 45 47 300 Borussia Mönchengladbach
52%
32 53 63 50 59 55 280 FC Girondins de Bordeaux
48%
46 46 45 48 51 52 242 FC Nantes
47%
31 42 48 63 78 54 285 OGC Nice
45%
40 56 60 63 46 36 261 Southampton
42%
26 69 69 58 50 55 301 AS Saint-Étienne
40%
36 44 44 37 62 55 270 1899 Hoffenheim
39%
39 57 54 45 53 54 263 Torino FC
35%
43 41 35 50 49 43 244 Hertha BSC
34%
49 42 56 49 39 51 237 Montpellier HSC
34%
41 46 50 52 50 58 256 Stade Rennais
32%
45 45 56 40 48 54 243 UC Sampdoria
32%
42 49 51 60 45 49 254 Celta Vigo
31%
48 42 49 43 56 49 239 Espanyol
22%
47 53 40 50 37 36 241 Mainz 05
19%
43 52 49 38 38 41 244 FC Augsburg
17%
No matching quizzes found
Score Distribution
Percent of People with Each Score
Percentile by Number Answered
Your Score History
You have not taken this quiz since the last reset